Normal view MARC view

Entry Personal Name

Number of records used in: 1

001 - CONTROL NUMBER

  • control field: 14530

003 - CONTROL NUMBER IDENTIFIER

  • control field: OSt

005 - DATE AND TIME OF LATEST TRANSACTION

  • control field: 20211105133818.0

008 - FIXED-LENGTH DATA ELEMENTS

  • fixed length control field: 211105|| aca||aabn | a|a d

040 ## - CATALOGING SOURCE

  • Original cataloging agency: OSt
  • Transcribing agency: OSt

100 ## - HEADING--PERSONAL NAME

  • Personal name: Kamperman, T. M

670 ## - SOURCE DATA FOUND

  • Source citation: Work cat.: (OSt): Lamers, H. J. G. L. M 14527, The S 59 spectrophotometric atlas of the mid-ultraviolet spectra of 220 early-type stars with a resolution of 1.8 A, 1981

Powered by Koha